000 00340nam a2200145 i 4500
001 bg
100 1 _aKamler, Witold.
245 0 _aCiepłownictwo.
_nCz. 1,
_pCentrale cieplne /
_cW. Kamler.
250 _aWyd.4.
260 _aWarszawa,
_c1971.
040 _cBPK
041 _apol
942 _cKS
008 s pl f |000 0 pol
999 _c5809
_d5809
856 _uhttp://koha.tu.koszalin.pl/cgi-bin/koha/opac-detail.pl?biblionumber=5809
_yKatalog online BPK